000 00361 a2200133 4500
005 20250430170323.0
020 _a0-87226-126-3
082 _a820.9 RIC
245 _aEnglish Poetry and Prose 1540-1674
260 _aNew York,
_bPeter Bedrick Books,
_c1970.
300 _avii, 468p.,
_bIndex, Bibliography,
_c23cm.
700 _aRICKS, C.
942 _2ddc
_cBKS
999 _c1855
_d1855